[Event "EU-ch Online U2300 Qual"]
[Site "Chess.com INT"]
[Date "2020.05.25"]
[Round "5"]
[White "Chaqryan, Erik"]
[Black "Iro, Christian"]
[Result "1-0"]
[WhiteElo "2231"]
[BlackElo "2081"]
[PlyCount "87"]
[EventDate "2020.05.25"]
[EventType "swiss"]
[EventRounds "8"]
[EventCountry "NET"]
[SourceTitle "EXT 2021"]
[Source "ChessBase"]
[SourceDate "2020.10.23"]
[SourceVersion "1"]
[SourceVersionDate "2020.10.23"]
[SourceQuality "1"]

1. d4 Nf6 2. c4 e6 3. Nc3 Bb4 4. e3 d5 5. Nf3 0-0 6. Bd3 c5 7. 0-0 dxc4 8. Bxc4 Nc6 9. a3 Bxc3 10. bxc3 b6 11. Bd3 Bb7 12. e4 h6 13. Bb1 Ne7 14. Re1 cxd4 15. cxd4 Ng6 16. Ra2 Rc8 17. Rd2 Re8 18. Bb2 Rc7 19. d5 exd5 20. e5 Nh7 21. e6 Nhf8 22. Rde2 Rce7 23. Nd4 f6 24. Re3 Nf4 25. Rg3 N4xe6 26. Nf5 d4 27. Nxh6+ Kh8 28. Nf5 Ng5 29. Nxe7 Rxe7 30. Rxe7 Qxe7 31. h4 Nge6 32. Qh5+ Kg8 33. Bc1 Qf7 34. Qf5 g6 35. Qg4 Kg7 36. Bd2 a6 37. f4 Nc5 38. f5 Qd7 39. fxg6 Qxg4 40. Rxg4 Nce6 41. h5 Ng5 42. Bxg5 fxg5 43. Rxg5 Kh6 44. g7 1-0

[Event "EU-ch Online U2300 Qual"]
[Site "Chess.com INT"]
[Date "2020.05.25"]
[Round "3"]
[White "Giannoulakis, Labros"]
[Black "Iro, Christian"]
[Result "1/2-1/2"]
[WhiteElo "2293"]
[BlackElo "2081"]
[PlyCount "132"]
[EventDate "2020.05.25"]
[EventType "swiss"]
[EventRounds "8"]
[EventCountry "NET"]
[SourceTitle "EXT 2021"]
[Source "ChessBase"]
[SourceDate "2020.10.23"]
[SourceVersion "1"]
[SourceVersionDate "2020.10.23"]
[SourceQuality "1"]

1. d4 Nf6 2. c4 e6 3. Nc3 Bb4 4. e3 d5 5. a3 Bxc3+ 6. bxc3 0-0 7. cxd5 exd5 8. Bd3 b6 9. Ne2 Ba6 10. 0-0 Bxd3 11. Qxd3 Nbd7 12. f3 c5 13. Ng3 Qc7 14. Bb2 Rac8 15. Rac1 Rfe8 16. e4 c4 17. Qc2 Re6 18. e5 Nxe5 19. dxe5 Rxe5 20. Rce1 Rce8 21. Qf2 h5 22. Bc1 h4 23. Ne2 Qe7 24. Qxh4 Rxe2 25. Rxe2 Qxe2 26. Bg5 Nd7 27. Qd4 Qe5 28. Qd2 Nc5 29. Bf4 Qe6 30. Qd4 Nd3 31. Bg3 f6 32. a4 Qc6 33. Ra1 Qc5 34. Qxc5 bxc5 35. Bd6 Re6 36. Bc7 Re1+ 37. Rxe1 Nxe1 38. Kf2 Nd3+ 39. Ke3 Kf7 40. a5 a6 41. Bb6 Ke6 42. h4 Kd6 43. g4 Nc1 44. f4 Nd3 45. h5 Ke6 46. Ba7 Kf7 47. Bb6 g6 48. h6 g5 49. fxg5 fxg5 50. Bd8 Kg6 51. Bxg5 Ne5 52. Kf4 Nc6 53. Bh4 Kxh6 54. Kf5 d4 55. Be1 d3 56. Kf6 Kh7 57. g5 Kg8 58. Ke6 Nxa5 59. Kd5 Kf7 60. Kxc5 d2 61. Bxd2 Nb3+ 62. Kxc4 Nxd2+ 63. Kb4 Kg6 64. Ka5 Kxg5 65. Kxa6 Kf5 66. c4 Nxc4 1/2-1/2

[Event "EU-ch Online U2300 Qual"]
[Site "Chess.com INT"]
[Date "2020.05.25"]
[Round "7"]
[White "Klimkowski, Jan"]
[Black "Iro, Christian"]
[Result "1-0"]
[WhiteElo "2193"]
[BlackElo "2081"]
[PlyCount "59"]
[EventDate "2020.05.25"]
[EventType "swiss"]
[EventRounds "8"]
[EventCountry "NET"]
[SourceTitle "EXT 2021"]
[Source "ChessBase"]
[SourceDate "2020.10.23"]
[SourceVersion "1"]
[SourceVersionDate "2020.10.23"]
[SourceQuality "1"]

1. e4 c6 2. d4 d5 3. exd5 cxd5 4. c4 Nf6 5. Nc3 Nc6 6. Nf3 Bg4 7. Be2 e6 8. Be3 dxc4 9. Bxc4 Be7 10. 0-0 0-0 11. d5 exd5 12. Nxd5 Nxd5 13. Bxd5 Bf6 14. Bc5 Re8 15. Qb3 Qc7 16. h3 Be6 17. Rad1 Bxd5 18. Rxd5 Rad8 19. Rfd1 Rxd5 20. Rxd5 Ne7 21. Bxe7 Rxe7 22. Qd1 g6 23. b3 a6 24. Rd6 Kg7 25. Rxf6 Kxf6 26. Qd4+ Ke6 27. Ng5+ Kf5 28. Ne4 Qe5 29. g4+ Kf4 30. Qe3# 1-0

[Event "AUT-ch Zwisch Internet"]
[Site "Playchess.com INT"]
[Date "2020.05.02"]
[Round "4"]
[White "Iro, Christian"]
[Black "Teuschler, Hugo"]
[Result "1-0"]
[WhiteElo "2081"]
[BlackElo "2055"]
[PlyCount "91"]
[EventDate "2020.05.02"]
[EventType "swiss (blitz)"]
[EventRounds "13"]
[EventCountry "AUT"]
[SourceTitle "CBM 195 Extra"]
[Source "ChessBase"]
[SourceDate "2020.05.31"]
[SourceVersion "1"]
[SourceVersionDate "2020.05.31"]
[SourceQuality "1"]

1. e4 c5 2. Nf3 d6 3. d4 cxd4 4. Nxd4 Nf6 5. Nc3 a6 6. Be2 e5 7. Nb3 Be7 8. 0-0 0-0 9. Be3 b5 10. a3 Bb7 11. f3 Nbd7 12. Qd2 Rc8 13. Rac1 Nb6 14. Na5 Ba8 15. Rfd1 Qc7 16. Bf2 Rfd8 17. Qe1 d5 18. exd5 Nbxd5 19. Nxd5 Rxd5 20. Rxd5 Nxd5 21. Nb3 Nf4 22. Bf1 Bd5 23. Nd2 f6 24. Ne4 Qb7 25. Nc3 Bf7 26. Ne4 h6 27. c3 f5 28. Ng3 Bc5 29. Rd1 Bxf2+ 30. Qxf2 Bg6 31. Qe3 Qe7 32. Rd2 Kh7 33. Qb6 Qc5+ 34. Qxc5 Rxc5 35. Rd6 a5 36. Ra6 a4 37. Rb6 e4 38. fxe4 fxe4 39. Rxb5 Rxb5 40. Bxb5 e3 41. Ne2 Nxe2+ 42. Bxe2 Bc2 43. g3 Kg6 44. Kg2 Kf5 45. Kf3 Ke5 46. Kxe3 1-0

[Event "AUT-ch Vor4 Internet"]
[Site "Playchess.com INT"]
[Date "2020.04.25"]
[Round "6"]
[White "Hechl, Fabian"]
[Black "Iro, Christian"]
[Result "1/2-1/2"]
[WhiteElo "1999"]
[BlackElo "2077"]
[PlyCount "132"]
[EventDate "2020.04.25"]
[EventType "swiss (blitz)"]
[EventRounds "9"]
[EventCountry "AUT"]
[SourceTitle "EXT 2021"]
[Source "ChessBase"]
[SourceDate "2020.10.23"]
[SourceVersion "1"]
[SourceVersionDate "2020.10.23"]
[SourceQuality "1"]

1. e4 c6 2. d4 d5 3. Nc3 dxe4 4. Nxe4 Bf5 5. Ng3 Bg6 6. h4 h6 7. Nf3 Nd7 8. h5 Bh7 9. Bd3 Bxd3 10. Qxd3 e6 11. Bf4 Qa5+ 12. Bd2 Bb4 13. c3 Be7 14. 0-0 Ngf6 15. b4 Qc7 16. c4 0-0 17. Rfe1 Rfe8 18. a4 Bd6 19. Ne4 Bf4 20. Bc3 Nxe4 21. Qxe4 Nf6 22. Qc2 Nxh5 23. Qb2 Bd6 24. c5 Bf8 25. Ne5 Nf4 26. Bd2 Nd5 27. b5 cxb5 28. axb5 b6 29. c6 Bd6 30. Nc4 Bf4 31. Bxf4 Qxf4 32. Ne5 Nc7 33. Re3 f6 34. Rf3 Qe4 35. Re3 Qd5 36. Nd7 Qxb5 37. Qc2 Qg5 38. Rg3 Qf4 39. Qg6 Re7 40. Nxf6+ Kf8 41. Nd7+ Kg8 42. Nf6+ Kf8 43. Nd7+ Kg8 44. Raa3 Qf7 45. Qg4 Rxd7 46. cxd7 Qxd7 47. Raf3 Nd5 48. Qg6 Rf8 49. Qxh6 Rxf3 50. gxf3 a5 51. Qg5 Qe7 52. Qe5 a4 53. f4 a3 54. f5 a2 55. Qb8+ Kf7 56. fxe6+ Qxe6 57. Rf3+ Kg6 58. Qg3+ Kh7 59. Qh4+ Kg8 60. Qd8+ Kh7 61. Rh3+ Kg6 62. Rg3+ Kh7 63. Qh4+ Kg8 64. Qd8+ Kh7 65. Qh4+ Kg8 66. Qd8+ Kh7 1/2-1/2

[Event "AUT-ch Vor2 Internet"]
[Site "Playchess.com INT"]
[Date "2020.04.13"]
[Round "9"]
[White "Auinger, Marcel"]
[Black "Iro, Christian"]
[Result "0-1"]
[WhiteElo "1808"]
[BlackElo "2081"]
[PlyCount "132"]
[EventDate "2020.04.13"]
[EventType "swiss (blitz)"]
[EventRounds "9"]
[EventCountry "AUT"]
[SourceTitle "CBM 195 Extra"]
[Source "ChessBase"]
[SourceDate "2020.05.31"]
[SourceVersion "1"]
[SourceVersionDate "2020.05.31"]
[SourceQuality "1"]

1. e4 c6 2. d4 d5 3. exd5 cxd5 4. Bd3 Nf6 5. Be3 Nc6 6. h3 e6 7. Nf3 Be7 8. Nc3 b6 9. Ne2 Bb7 10. c3 Rc8 11. Bf4 Bd6 12. Qd2 Bxf4 13. Nxf4 Na5 14. b3 Qc7 15. Rc1 Nc6 16. 0-0 0-0 17. Rfe1 g6 18. Ne5 Nxe5 19. Rxe5 Qd6 20. Ne2 Rc7 21. Qf4 Qe7 22. Re3 Rfc8 23. Bb1 b5 24. Rf3 Nh5 25. Qd2 a5 26. Bd3 b4 27. Bb5 Ng7 28. cxb4 axb4 29. Re3 Nf5 30. Rd3 Nd6 31. Ba4 Ne4 32. Qe1 Ba6 33. Rxc7 Qxc7 34. Rd1 Bxe2 35. Qxe2 Nc3 36. Qd2 Nxd1 37. Qxd1 Qc1 38. Qxc1 Rxc1+ 39. Kh2 Rc2 40. Kg3 Rxa2 41. Kf3 Rc2 42. Ke3 Rc3+ 43. Kd2 f6 44. Bd7 Kf7 45. Ba4 Ke7 46. g3 Kd6 47. h4 Rf3 48. Ke2 Rc3 49. Kd2 e5 50. dxe5+ fxe5 51. Ke2 Kc5 52. g4 Kd4 53. h5 gxh5 54. gxh5 h6 55. f3 Rc2+ 56. Kd1 Rf2 57. Be8 Rxf3 58. Kc2 Rf2+ 59. Kc1 e4 60. Kd1 Kd3 61. Bb5+ Kc3 62. Ba4 d4 63. Ke1 Rh2 64. Bc6 e3 65. Be8 d3 66. Bf7 Rh1# 0-1

[Event "AUT-chT2O 1920"]
[Site "Austria"]
[Date "2019.10.20"]
[Round "2.5"]
[White "Iro, Christian"]
[Black "Higatsberger, Michael"]
[Result "1/2-1/2"]
[WhiteElo "2077"]
[BlackElo "2097"]
[PlyCount "88"]
[EventDate "2019.10.19"]
[EventType "team-tourn"]
[EventRounds "11"]
[EventCountry "AUT"]
[SourceTitle "CBM 192 Extra"]
[Source "Chessbase"]
[SourceDate "2019.11.06"]
[SourceVersion "1"]
[SourceVersionDate "2019.11.06"]
[SourceQuality "1"]
[WhiteTeam "Wien Austria"]
[BlackTeam "Wien Ottakring"]
[WhiteTeamCountry "AUT"]
[BlackTeamCountry "AUT"]

1. e4 e6 2. d4 d5 3. Nd2 Be7 4. Ngf3 Nf6 5. Bd3 c5 6. exd5 Qxd5 7. dxc5 Nbd7 8. Nb3 Nxc5 9. Nxc5 Bxc5 10. 0-0 0-0 11. Qe2 Qh5 12. Bf4 b6 13. Ne5 Qxe2 14. Bxe2 Nd5 15. Bg3 f6 16. Nd3 Ba6 17. Rfe1 Be7 18. Bf3 Kf7 19. Nf4 Nxf4 20. Bxf4 Rac8 21. c3 Rfd8 22. Red1 Bc4 23. Bb7 Rxd1+ 24. Rxd1 Rd8 25. Rxd8 Bxd8 26. a3 e5 27. Bd2 Be7 28. Be4 g6 29. Bc2 Ke6 30. b3 Be2 31. a4 f5 32. c4 f4 33. a5 Bc5 34. axb6 axb6 35. Be4 Bd4 36. g3 fxg3 37. hxg3 Kf6 38. Kg2 Bd1 39. b4 Bb3 40. Bd3 e4 41. Bxe4 Bxc4 42. f4 Ke6 43. Kf3 b5 44. g4 Kd6 1/2-1/2

[Event "Pardubice op rapid 30th"]
[Site "Pardubice"]
[Date "2019.07.18"]
[Round "5"]
[White "Jires, Jiri"]
[Black "Iro, Christian"]
[Result "1-0"]
[WhiteElo "2096"]
[BlackElo "2077"]
[PlyCount "91"]
[EventDate "2019.07.17"]
[EventType "swiss (rapid)"]
[EventRounds "9"]
[EventCountry "CZE"]
[SourceTitle "CBM 191 Extra"]
[Source "ChessBase"]
[SourceDate "2019.09.30"]
[SourceVersion "1"]
[SourceVersionDate "2019.09.30"]
[SourceQuality "1"]

1. e4 c6 2. c4 d5 3. exd5 cxd5 4. d4 Nf6 5. Nc3 Nc6 6. Nf3 Bg4 7. cxd5 Nxd5 8. Qb3 Bxf3 9. gxf3 Nxd4 10. Qxb7 e6 11. Bb5+ Nxb5 12. Qc6+ Ke7 13. Qxb5 Qd7 14. Nxd5+ Qxd5 15. Qxd5 exd5 16. Be3 Ke6 17. 0-0-0 Bb4 18. a3 Rac8+ 19. Kb1 Bc5 20. Rhg1 g6 21. Rge1 Bxe3 22. fxe3 Rc4 23. Rd2 f5 24. Red1 Rd8 25. Rd4 Rxd4 26. Rxd4 Ke5 27. Kc2 Rc8+ 28. Kd3 g5 29. h4 h6 30. Ra4 Rc4 31. Rxa7 Rxh4 32. b4 g4 33. f4+ Kd6 34. Ra6+ Kc7 35. Ke2 Rh2+ 36. Kf1 Rh3 37. Kf2 h5 38. Rf6 Rf3+ 39. Ke2 d4 40. exd4 Rxf4 41. Rh6 Rxd4 42. Rxh5 f4 43. Rg5 f3+ 44. Ke3 Rf4 45. Kxf4 f2 46. Rc5+ 1-0

[Event "AUT-chT2O 1819"]
[Site "Austria"]
[Date "2019.03.31"]
[Round "11.3"]
[White "Iro, Christian"]
[Black "Vrana, Frantisek"]
[Result "0-1"]
[WhiteElo "2045"]
[BlackElo "2252"]
[PlyCount "117"]
[EventDate "2018.10.06"]
[EventType "team-tourn"]
[EventRounds "11"]
[EventCountry "AUT"]
[SourceTitle "CBM 189 Extra"]
[Source "ChessBase"]
[SourceDate "2019.06.03"]
[SourceVersion "1"]
[SourceVersionDate "2019.06.03"]
[SourceQuality "1"]
[WhiteTeam "Austria"]
[BlackTeam "Mistelbach/Altlichtenwarth"]
[WhiteTeamCountry "AUT"]
[BlackTeamCountry "AUT"]

1. e4 e6 2. d4 d5 3. Nd2 c5 4. exd5 Qxd5 5. Ngf3 cxd4 6. Bc4 Qd6 7. 0-0 Nf6 8. Nb3 Nc6 9. Nbxd4 Nxd4 10. Qxd4 Qxd4 11. Nxd4 Bd7 12. Bf4 a6 13. Rad1 Bc5 14. Nb3 Bb6 15. c3 0-0-0 16. Nd4 Ba4 17. b3 Bxd4 18. cxd4 Bc6 19. f3 b5 20. Be2 Nd5 21. Bd2 Ne7 22. Be3 Nd5 23. Bd2 Kb7 24. Bd3 Rd7 25. Be4 Nf6 26. Bxc6+ Kxc6 27. Rc1+ Kb7 28. Be3 Nd5 29. Bf2 Nf4 30. Rc2 Rc8 31. Rd2 Nd5 32. g3 Rdc7 33. Rfd1 Rc1 34. Rxc1 Rxc1+ 35. Kg2 Ra1 36. f4 g6 37. Kf3 Kc6 38. Rc2+ Kd7 39. a4 bxa4 40. bxa4 Rxa4 41. Rb2 Kc7 42. Rc2+ Kd6 43. Rc8 Ra3+ 44. Kg2 h5 45. Rf8 Ke7 46. Ra8 a5 47. Ra7+ Kf6 48. Be1 a4 49. Ba5 Ne3+ 50. Kg1 Ra1+ 51. Kf2 Ng4+ 52. Ke2 Ra2+ 53. Kd3 Nf2+ 54. Kc4 Nd1 55. Bc7 Kf5 56. Be5 f6 57. Rf7 Ne3+ 58. Kd3 Nd5 59. h3 0-1

[Event "AUT-ch"]
[Site "Vienna"]
[Date "2018.07.23"]
[Round "3"]
[White "Steiner, Bruno"]
[Black "Iro, Christian"]
[Result "1-0"]
[WhiteElo "2194"]
[BlackElo "2055"]
[PlyCount "71"]
[EventDate "2018.07.22"]
[EventType "swiss"]
[EventRounds "9"]
[EventCountry "AUT"]
[SourceTitle "CBM 185 Extra"]
[Source "ChessBase"]
[SourceDate "2018.07.29"]
[SourceVersion "1"]
[SourceVersionDate "2018.07.29"]
[SourceQuality "1"]

1. Nf3 Nf6 2. e3 e6 3. d4 d5 4. Bd3 Be7 5. b3 0-0 6. Bb2 c5 7. 0-0 Nc6 8. Nbd2 b6 9. a3 Bb7 10. Qe2 Rc8 11. Rad1 Qc7 12. dxc5 bxc5 13. e4 d4 14. e5 Nd5 15. Qe4 g6 16. Nc4 Ba8 17. Rde1 Na5 18. Nxa5 Qxa5 19. Qg4 Bc6 20. Bc1 Bb5 21. Bxb5 Qxb5 22. Ng5 Nc3 23. Qh3 h5 24. Nxe6 Rfe8 25. Nf4 Bg5 26. Nd3 Bxc1 27. Nxc1 Nb1 28. f4 Nxa3 29. f5 Nxc2 30. fxg6 fxg6 31. Rf6 Kh7 32. Rf7+ Kh8 33. Ref1 Ne3 34. R1f6 Qb4 35. Qg3 Qd2 36. Rh7+ 1-0

[Event "AUT-chT2O 1718"]
[Site "Austria"]
[Date "2018.02.24"]
[Round "8.3"]
[White "Iro, Christian"]
[Black "Schwab, Lukas"]
[Result "1/2-1/2"]
[WhiteElo "2046"]
[BlackElo "2188"]
[PlyCount "67"]
[EventDate "2017.10.21"]
[EventType "team-tourn"]
[EventRounds "11"]
[EventCountry "AUT"]
[SourceTitle "EXT 2019"]
[Source "ChessBase"]
[SourceDate "2018.10.10"]
[SourceVersion "1"]
[SourceVersionDate "2018.10.10"]
[SourceQuality "1"]
[WhiteTeam "Austria"]
[BlackTeam "Donaustadt"]
[WhiteTeamCountry "AUT"]
[BlackTeamCountry "AUT"]

1. e4 e5 2. Nf3 Nc6 3. Bb5 a6 4. Bxc6 dxc6 5. 0-0 Bd6 6. d4 exd4 7. Qxd4 f6 8. Rd1 Bg4 9. Nc3 Bxf3 10. gxf3 Qe7 11. Ne2 Rd8 12. Bf4 Bxf4 13. Qxd8+ Qxd8 14. Rxd8+ Kxd8 15. Nxf4 Ke7 16. Rd1 Nh6 17. Kf1 Nf7 18. Ke2 Re8 19. Ke3 Nd6 20. Nd3 Kf7 21. b3 a5 22. Re1 Nf5+ 23. Kf4 Nd4 24. c3 Ne6+ 25. Ke3 b6 26. Rd1 Ng5 27. Nf4 Ke7 28. h4 Nf7 29. Ne2 Nd6 30. c4 Kf7 31. Ng3 Rd8 32. Rd2 Re8 33. Rd1 Rd8 34. Rd2 1/2-1/2

[Event "AUT-chT2O 1617"]
[Site "Austria"]
[Date "2017.03.05"]
[Round "9.3"]
[White "Iro, Christian"]
[Black "Gratze, Michael"]
[Result "1-0"]
[WhiteElo "1947"]
[BlackElo "2019"]
[PlyCount "49"]
[EventDate "2016.10.15"]
[EventType "team-tourn"]
[EventRounds "11"]
[EventCountry "AUT"]
[SourceTitle "CBM 177 Extra"]
[Source "ChessBase"]
[SourceDate "2017.04.27"]
[SourceVersion "1"]
[SourceVersionDate "2017.04.27"]
[SourceQuality "1"]
[WhiteTeam "Austria"]
[BlackTeam "Nickelsdorf Blackburne II"]
[WhiteTeamCountry "AUT"]
[BlackTeamCountry "AUT"]

1. e4 e6 2. d4 d5 3. Nd2 c5 4. exd5 exd5 5. Bb5+ Nc6 6. Qe2+ Be7 7. dxc5 Nf6 8. Ngf3 0-0 9. Nb3 Re8 10. Be3 Ne4 11. 0-0 Nxc5 12. Nxc5 Bxc5 13. Qd3 Qb6 14. Ng5 Rxe3 15. Qxh7+ Kf8 16. Qh8+ Ke7 17. Bxc6 Qxc6 18. fxe3 Bxe3+ 19. Kh1 Bxg5 20. Rae1+ Kd6 21. Qxg7 Bd8 22. Qe5+ Kc5 23. Re3 Ba5 24. Rxf7 Qd6 25. Rc3+ 1-0